Analýza obalu údajov

Rozšírenie analýzy DEA (Data Envelopment Analysis) o opačný obal, najhoršie koeficienty a algoritmizáciu identifikácie outliers (-jednotky, ktoré ležia v extrémnych pozíciách). Návrh modelu na analýzu reverzného obalu údajov a identifikácia najhorších jednotiek. Zostavenie modelu, ktorý vypočíta naj...

Descripción completa

Guardado en:
Detalles Bibliográficos
Autor principal: Sudzina, František
Formato: Capítulo de libro
Lenguaje:eslovaco
Materias:
Etiquetas: Agregar Etiqueta
Sin Etiquetas, Sea el primero en etiquetar este registro!

MARC

LEADER 00000naa a2200000 4500
001 r044144
005 20240502071338.4
041 0 |a slo 
044 |a SK 
245 1 0 |a Analýza obalu údajov  |c František Sudzina 
520 |a Rozšírenie analýzy DEA (Data Envelopment Analysis) o opačný obal, najhoršie koeficienty a algoritmizáciu identifikácie outliers (-jednotky, ktoré ležia v extrémnych pozíciách). Návrh modelu na analýzu reverzného obalu údajov a identifikácia najhorších jednotiek. Zostavenie modelu, ktorý vypočíta najmenšiu možnú relatívnu efektívnosť každej jednotky. 
610 2 0 |a efektívnosť 
610 2 0 |a podnik 
610 2 0 |a DEA analýza 
610 2 0 |a analýzy 
610 2 0 |a modely 
610 2 0 |a programovanie lineárne 
100 1 |a Sudzina, František